| 000 | 01101na a2200301 4500 | ||
|---|---|---|---|
| 001 | 24211 | ||
| 003 | MIRAKIL | ||
| 005 | 20181213155332.0 | ||
| 008 | 180621b tu 000 0 | ||
| 020 | _a9786053994145 | ||
| 040 |
_aMilas _btur _cTR-AnCHP |
||
| 041 | _atur | ||
| 082 |
_a352.0084 _bY36 2015 |
||
| 090 | _a352.0084 Y36 2015 | ||
| 245 |
_aYerel demokrasi sorunsalı _bBüyükşehir Belediye Meclisleri yapısı ve işleyişi _cderleyen Pınar Uyan Semerci ; yayına hazırlayan Cem Tüzün |
||
| 246 | _aBüyükşehir Belediye Meclisleri yapısı ve işleyişi | ||
| 260 |
_aİstanbul _bİstanbul Bilgi Üniversitesi _c2015 _fMega basım yayın |
||
| 300 |
_a326 s. _btbl. , grf. _c23 sm. |
||
| 440 |
_aİstanbul Bilgi Üniversitesi Yayınları _v525 |
||
| 490 |
_aAraştırma _v7 |
||
| 504 | _aKaynakça ve dizin var. | ||
| 650 |
_aYerel yönetimler _xTürkiye |
||
| 650 |
_aBelediye yönetimi _xTürkiye |
||
| 700 |
_aTüzün, Cem _eyay. haz. |
||
| 700 |
_aSemerci, Uyan Pınar _eder. |
||
| 740 | _aBüyükşehir Belediye Meclisleri yapısı ve işleyişi | ||
| 942 |
_2ddc _cBKS |
||
| 999 |
_c10732 _d10732 |
||